00309nam a2200133Ia 4500008004100000100001600041245002900057250001100086260003000097300000800127650001600135942000700151999001700158190216s9999||||xx |||||||||||||| ||und|| aDevassy.M.O 0aAdvanced College Algebra a1st ed bDeline Publicationsc1968 a248 aMathematics cBK c30556d30556